000
00207 a2200097 4500
001
46861
100
_a
Chandler
245
_a
Military strategy
260
_a
London
_b
Arms & Armour
_c
090
_c
29946
_d
29946
942
_a
NUST-CAE
_c
M
_c
22164
999
_c
281934
_d
281934